La idea de América: origen y evolución
Kaydedildi:
| Yazar: | |
|---|---|
| Materyal Türü: | Kitap |
| Dil: | İspanyolca |
| Baskı/Yayın Bilgisi: |
Madrid
Istmo
1972
|
| Seri Bilgileri: | Colección Fundamentos, 23
|
| Konular: | |
| Etiketler: |
Etiketle
Etiket eklenmemiş, İlk siz ekleyin!
|
MARC
| LEADER | 00000nam a2200000 a 4500 | ||
|---|---|---|---|
| 001 | UCO2689 | ||
| 003 | CL-VaPUC | ||
| 008 | 000608e19720000SP |||||||||||||||||spa|d | ||
| 082 | 0 | 4 | |a 980.001 |b ABE |2 21 |
| 100 | 0 | |a Abellán García-González, José Luis |e author |9 446220 | |
| 245 | 1 | 3 | |a La idea de América: origen y evolución |
| 300 | |a 246 p | ||
| 942 | |c BK | ||
| 945 | |d 20000608 00:00:00 |a rherrera | ||
| 260 | |a Madrid |b Istmo |c 1972 | ||
| 650 | 0 | |a Historia de América |9 266076 | |
| 650 | 7 | |a ORIGENES |2 CL-VaPUC |9 367418 | |
| 650 | 0 | |a Colonización |9 265172 | |
| 650 | 7 | |a CULTURA AMERICANA |2 CL-VaPUC |9 446221 | |
| 650 | 0 | |a Filosofía de la historia |9 265651 | |
| 650 | 0 | |a Ensayos |9 268724 | |
| 651 | 0 | |a América |9 255182 | |
| 583 | |a last modification |c 20190710 07:58:29 |k Rodrigo Vera | ||
| 490 | 0 | |a Colección Fundamentos, 23 | |
| 999 | |c 289188 |d 289186 | ||
| 952 | |0 0 |1 0 |4 0 |6 980_001000000000000_ABE_1972 |7 0 |8 A |9 337409 |a BIBHIS |b BIBHIS |d 2019-11-20 |i 1285955 |o 980.001 ABE 1972 |p 1285955 |r 2025-01-20 |w 2019-11-20 |y BK |k HIS | ||
| 952 | |0 0 |1 0 |4 0 |6 980_001000000000000_ABE_1972 |7 0 |8 A |9 337410 |a BIBHIS |b BIBHIS |d 2019-11-20 |i 1285963 |o 980.001 ABE 1972 |p 1285963 |r 2025-01-20 |w 2019-11-20 |y BK |k HIS | ||
| 952 | |0 0 |1 0 |4 0 |6 980_001000000000000_ABE_1972 |7 0 |8 A |9 337411 |a BIBHIS |b BIBHIS |d 2019-11-20 |i 1285971 |o 980.001 ABE 1972 |p 1285971 |r 2025-01-20 |w 2019-11-20 |y BK |k HIS | ||
| 952 | |0 0 |1 0 |4 0 |6 980_001000000000000_ABE_1972 |7 0 |8 A |9 337412 |a BIBHIS |b BIBHIS |d 2019-11-20 |i 4500261 |o 980.001 ABE 1972 |p 4500261 |r 2025-01-20 |w 2019-11-20 |y BK |k HIS | ||